000 00553nam a2200193Ia 4500
005 20250508160304.0
008 008 250505s9999 xx 000 0 eng d
037 _aTextual
040 _aFEDL
_beng
_cFEDL
041 _aeng
_2eng
084 _a372.41, DEL
_qFEDL
100 _aManya
245 0 _aRead better, read faster: A new approach to efficient reading
260 _aHarmondsworth
_bPenguin Book Ltd
_c1970
300 _a248p.
700 _a De Leeuw Eric
_9768245
942 _cTEXL
_h372.41, DEL
999 _c1363407
_d1363407